As árvores que ninguém separa (Registo nº 363)

Detalhes MARC
000 -Etiqueta do registo
Cabeçalho 00760nam0a2200253 4500
005 - Identificador da versão
Campo de controlo 20240813121800.0
021 ## - Número do Depósito Legal
Código do país PT
Número 21 905/88
100 ## - Dados gerais de processamento
Dados gerais de processamento 20150202d1988 a e0pory5003 ba
102 ## - Pais de publicação ou produção
País de publicação Portugal
101 0# - Língua de publicação
Língua do texto, banda sonora, etc. Português
215 ## - Descrição física 
Indicação específica da natureza do documento e extensão da espécie [31] p.
Outras indicações físicas il. color
200 1# - Titulo e menção de responsabilidade
Título próprio As árvores que ninguém separa
Primeira menção de responsabilidade Alice Vieira
Outras menções de responsabilidade il. Evelyn Poon
225 2# - Colecção 
Título próprio da colecção Contos e lendas de Macau
205 ## - Menção da edição
Menção da edição 1ª ed.
210 ## - Publicação, Distribuição, etc. 
Lugar da edição, distribuição, etc. Macau
Nome do editor, distribuidor, etc. Instituto Cultural
Lugar da edição, distribuição, etc. [S. l.]
Nome do editor, distribuidor, etc. Editorial Publica
Data da publicação, distribuição, etc. 1988
606 ## - Nome comum usado como assunto
Número de registo de entrada de autoridade 0002010
Palavra de ordem Literatura portuguesa
Subdivisão de assunto Conto
Código do sistema CA
675 ## - Classificação Decimal Universal (CDU)
Notação 821.134.3-34
Edição 3ª ed.
Língua da edição por
702 #1 - Nome de autor-pessoa física (responsabilidade secundária)
Número de registo de entrada de autoridade 0002025
Palavra de ordem Poon
Outra parte do nome não tomada para palavra de ordem Evelyn
Código de função Ilustrador / Técnico de desenho computorizado
700 #1 - Nome de autor-pessoa física (responsabilidade principal)
Número de registo de entrada de autoridade 0001364
Palavra de ordem Vieira
Outra parte do nome não tomada para palavra de ordem Alice
Datas 1943-
966 ## - Identificação da Biblioteca
Sigla EB2,3ENM
942 ## - Elementos de entrada adicionados (Koha)
Tipo de item no Koha Livro
Exemplares
Situação do levantamento Origin of item (home branch) (coded) Biblioteca de empréstimo Código de barras Cota Circulation type (not for loan) Tipo de documento Nota do exemplar Damaged status
  Biblioteca Escolar Eng. Nuno Mergulhão Biblioteca Escolar Eng. Nuno Mergulhão BENM828 82LP-34 VIE   Livro Sem mensagem